000 01414cam a2200337 4500
001 J3934
008 090401t1996 xxu||||| |||| 00| 0 eng d
035 _a(Sirsi) u57549
041 _aeng
050 _a346.41043
110 _aGeneral Council of the Bar
_9691
245 4 _aThe Blundell Memorial Lectures (1996) ... current problems in property law ...
260 _aLondon
_bRICS Conferences & Training
_c1996
300 _a149p. ; 30cm.
350 _a0
520 _aPapers:- Civil evidence & arbitration: the new law./ NEUBERGER, DAVID & ROSE, NORMAN. - Contaminated and polluted land: the new regime./ BRYCE, ANDREW & YOUNG, PETER. - Contracts for the sale of land: the 1989 act 7 years on./ ETHERTON, TERENCE & BEALES, DAVID. - The Landlord and Tenant (Covenants) Act: how has practice been affected?/ FOGEL, STEVEN & MOROSS, TREVOR.
650 _aARBITRATION BILL
650 _aBLUNDELL MEMORIAL LECTURES
650 _aCIVIL EVIDENCE
650 _aCONTAMINATED LAND
650 _aCONTRACTS FOR THE SALE OF LAND
650 _aENVIRONMENT ACT 1996
650 _aLANDLORD AND TENANT (COVENANTS) ACT 1995
650 _aLAW REFORM (MISCELLANEOUS PROVISIONS) ACT 1989
650 _aPOLLUTION
690 _aPROPERTY LAW AND PRACTICE
710 _aLaw Society of England and Wales
_91639
710 _aRoyal Institution of Chartered Surveyors
_94900
942 _n0
948 _c04/03/1997
999 _c93943
_d93943